000
00297nam a22001337a 4500
008
170621b xxu||||| |||| 00| 0 eng d
020
_a
9780205376223
041
_a
eng
080
_2
10TH
_a
32
100
_a
20
101
_a
SHP
245
_a
IN CONFLICT AND ORDER
_c
EITZEN, D.S
942
_2
udc
_c
BK
999
_c
18523
_d
18523